ARRUPE JESUIT UNIVERSITY

CORONAVIRUS -STOP THE SPREAD - CLEAN,DISINFECT,COVER

The testimony of the spade. (Record no. 128848)

MARC details
000 -LEADER
fixed length control field 00799cam a22002651 4500
001 - CONTROL NUMBER
control field 3110849
003 - CONTROL NUMBER IDENTIFIER
control field ARRUPE
005 - DATE AND TIME OF LATEST TRANSACTION
control field 20190129154309.0
008 - FIXED-LENGTH DATA ELEMENTS--GENERAL INFORMATION
fixed length control field 721213s1956 nyuabf b 000 0 eng
010 ## - LIBRARY OF CONGRESS CONTROL NUMBER
LC control number 56008916
040 ## - CATALOGING SOURCE
Original cataloging agency DLC
Transcribing agency DLC
Modifying agency DLC
043 ## - GEOGRAPHIC AREA CODE
Geographic area code e------
050 00 - LIBRARY OF CONGRESS CALL NUMBER
Classification number SPC GN803
Item number .B5
082 00 - DEWEY DECIMAL CLASSIFICATION NUMBER
Classification number 936
300 ## - PHYSICAL DESCRIPTION
Other physical details illus., 32 plates, maps.
Dimensions 25 cm.
100 1# - MAIN ENTRY--PERSONAL NAME
Personal name Bibby, Geoffrey.
9 (RLIN) 44255
245 14 - TITLE STATEMENT
Title The testimony of the spade.
250 ## - EDITION STATEMENT
Edition statement [1st ed.]
260 ## - PUBLICATION, DISTRIBUTION, ETC. (IMPRINT)
Place of publication, distribution, etc New York,
Name of publisher, distributor, etc Knopf,
Date of publication, distribution, etc 1956.
300 ## - PHYSICAL DESCRIPTION
Extent xviii, 414, x p.
500 ## - GENERAL NOTE
General note "Some remarks on reading": p. 412-414.
650 #0 - SUBJECT ADDED ENTRY--TOPICAL TERM
Topical term or geographic name as entry element Prehistoric peoples
Geographic subdivision Europe.
9 (RLIN) 44256
650 #0 - SUBJECT ADDED ENTRY--TOPICAL TERM
Topical term or geographic name as entry element Antiquities, Prehistoric
Geographic subdivision Europe.
9 (RLIN) 44257
651 #0 - SUBJECT ADDED ENTRY--GEOGRAPHIC NAME
Geographic name Europe
General subdivision Antiquities.
9 (RLIN) 43934
906 ## - LOCAL DATA ELEMENT F, LDF (RLIN)
a 7
b cbc
c orignew
d u
e ocip
f 19
g y-gencatlg
942 ## - ADDED ENTRY ELEMENTS (KOHA)
Source of classification or shelving scheme Library of Congress Classification
Koha item type Monograph ( Printed materials)
Holdings
Withdrawn status Lost status Source of classification or shelving scheme Damaged status Not for loan Home library Current library Date acquired Total Checkouts Full call number Barcode Date last seen Price effective from Koha item type
    Library of Congress Classification     ARRUPE LIBRARY ARRUPE LIBRARY 29/01/2019   SPC GN803 .B5 46600003454 29/01/2019 29/01/2019 SPC

 

Arrupe Library. PO Box MP320 Mt Pleasant, Harare, Zimbabwe
263 242 745411|librarian@aju.ac.zw